|
|
|
|
| LEADER |
00000cam a22000002c 4500 |
| 001 |
1840067322 |
| 003 |
DE-627 |
| 005 |
20250701172406.0 |
| 007 |
cr uuu---uuuuu |
| 008 |
230324s1988 xx |||||o 00| ||eng c |
| 024 |
7 |
|
|a 10.3886/ICPSR08933.v1
|2 doi
|
| 035 |
|
|
|a (DE-627)1840067322
|
| 035 |
|
|
|a (DE-599)KXP1840067322
|
| 040 |
|
|
|a DE-627
|b ger
|c DE-627
|e rda
|
| 041 |
|
|
|a eng
|
| 084 |
|
|
|a 2,1
|2 ssgn
|
| 100 |
1 |
|
|a Apao, William K.
|e VerfasserIn
|4 aut
|
| 245 |
1 |
0 |
|a Improving Prison Classification Procedures in Vermont: Applying an Interaction Model, 1983-1985
|
| 264 |
|
1 |
|a [Erscheinungsort nicht ermittelbar]
|b [Verlag nicht ermittelbar]
|c 1988
|
| 336 |
|
|
|a Text
|b txt
|2 rdacontent
|
| 337 |
|
|
|a Computermedien
|b c
|2 rdamedia
|
| 338 |
|
|
|a Online-Ressource
|b cr
|2 rdacarrier
|
| 520 |
|
|
|a The purpose of this data collection was to develop and test an interactive model for classifying prisoners. The model includes person variables, environmental or situation variables, and prison-environmental interaction variables in order to study the interactions between individuals and their environments and to predict offender behaviors such as escape, misconduct, and violence. The model was designed to enhance the predictive validity of the National Institute of Corrections' classification system that was being used in Vermont prisons. Included are scores from the National Institute of Corrections' custody classification and reclassification instruments, scores from a needs assessment, sentencing information, and characteristics of the prison in which the inmate was housed.
|
| 540 |
|
|
|a ICPSR Terms of Use
|
| 650 |
|
4 |
|a United States
|
| 650 |
|
4 |
|a Vermont
|
| 650 |
|
4 |
|a correctional facilities
|
| 650 |
|
4 |
|a CRIMINAL justice system
|
| 650 |
|
4 |
|a Inmates
|
| 650 |
|
4 |
|a Living conditions
|
| 650 |
|
4 |
|a Sentencing
|
| 650 |
|
4 |
|a socioeconomic indicators
|
| 650 |
|
4 |
|a Violence
|
| 655 |
|
7 |
|a Forschungsdaten
|0 (DE-588)1098579690
|0 (DE-627)857755366
|0 (DE-576)469182156
|2 gnd-content
|
| 787 |
0 |
8 |
|i Forschungsdaten zu
|a Wooldredge, John
|t Considering hierarchical models for research on inmate behavior: Predicting misconduct with multilevel data
|d 2001
|w (DE-627)1912490382
|
| 787 |
0 |
8 |
|i Forschungsdaten zu
|a Apao, William K.
|t Improving Prison Classification Procedures: Application of an Interaction Model, Final Report
|d [Erscheinungsort nicht ermittelbar] : United States Department of Justice, National Institute of Justice, 1988
|w (DE-627)1912587076
|
| 787 |
0 |
8 |
|i Forschungsdaten zu
|a Wooldredge, John
|t Keeping pace with evolving prison populations for effective management
|d 2003
|w (DE-627)1912604825
|
| 787 |
0 |
8 |
|i Forschungsdaten zu
|a Lester, David
|t Physical abuse and physical punishment as precursors of suicidal behavior
|d 1991
|w (DE-627)1912650479
|
| 856 |
4 |
0 |
|u https://doi.org/10.3886/ICPSR08933.v1
|x Resolving-System
|z kostenfrei
|3 Volltext
|7 0
|
| 935 |
|
|
|a mkri
|
| 951 |
|
|
|a BO
|
| ELC |
|
|
|a 1
|
| LOK |
|
|
|0 000 xxxxxcx a22 zn 4500
|
| LOK |
|
|
|0 001 4296815164
|
| LOK |
|
|
|0 003 DE-627
|
| LOK |
|
|
|0 004 1840067322
|
| LOK |
|
|
|0 005 20230324125340
|
| LOK |
|
|
|0 008 230324||||||||||||||||ger|||||||
|
| LOK |
|
|
|0 035
|a (DE-2619)ICPSR8933
|
| LOK |
|
|
|0 040
|a DE-2619
|c DE-627
|d DE-2619
|
| LOK |
|
|
|0 092
|o n
|
| LOK |
|
|
|0 852
|a DE-2619
|
| LOK |
|
|
|0 852 1
|9 00
|
| LOK |
|
|
|0 935
|a foda
|a nacj
|
| LOK |
|
|
|0 939
|a 24-03-23
|b l01
|
| OAS |
|
|
|a 1
|
| ORI |
|
|
|a SA-MARC-krimdoka001.raw
|